=LDR 00000nam 2200000 4500 =001 INLIS000000000053159 =005 20180423083004 =035 ##$$a 0010-0418000050 =007 ta =008 180423###########################0###### =020 ##$$a 978-602-6497-05-5 =082 ##$$a 354.072 =084 ##$$a 354.072 KRI m =100 #$$a Krismiyati Tasrin =245 1#$$a Model kemitraan strategis dalam pengembangan inovasi administrasi /$c Krismiyati Tasrin =250 ##$$a cet 1 =260 ##$$a Jawa Barat :$b PKP2A 1 LAH,$c 2016 =300 ##$$a 80 hlm. : $b ilus ; $c 25 cm =650 ##$$a Administrasi negara - Penelitian =700 #$$a Zulfikar =504 ##$$a Binliografi : hlm. 81 - 83 =990 ##$$a 71307130 =990 ##$$a 31701510